[Event "Oberwart Open"]
[Site "Oberwart AUT"]
[Date "2011.07.15"]
[Round "7"]
[White "Lizak,P"]
[Black "Sandhoefner,F"]
[Result "1-0"]
[WhiteElo "2391"]
[BlackElo "2270"]

1.Nf3 d5 2.c4 c6 3.g3 Nf6 4.Bg2 dxc4 5.O-O Qd5 6.Nc3 Qa5 7.b3 cxb3 8.Qxb3 e5
9.Ng5 Qc7 10.d4 Bd6 11.dxe5 Bxe5 12.Ba3 h6 13.Nb5 cxb5 14.Rac1 Nc6 15.Rxc6 bxc6
16.Bxc6+ Bd7 17.Qxf7+ Kd8 18.Bxa8 hxg5 19.Qe7+ Kc8 20.Rc1 Bc3 21.Qe3 b4 22.Bxb4 Bxb4
23.Rxc7+ Kxc7 24.Qxa7+ Kd6 25.Qb6+ Ke5 26.Bf3 g4 27.Qxb4 gxf3 28.Qf4+ Ke6
29.Qxf3 Rc8 30.Qe3+ Kf7 31.f3 Be6 32.a4 Rc2 33.a5 Ra2 34.Qe5 Nd7 35.Qb5 Ke7
36.Kf2 Kd6 37.a6 Bd5 38.g4 Bc6 39.Qb4+ Kc7 40.Qf4+ Kb6 41.Qd4+ Kc7 42.a7 Kb7
43.Qxg7 Rxa7 44.h4 Ra2 45.h5 Bb5 46.Qe7 Rxe2+ 47.Qxe2 Bxe2 48.Kxe2 Kc7 49.h6 Nf8
50.Ke3 Kd7 51.Ke4 Ke7 52.f4 Kf6 53.g5+ Kg6 54.Ke5 Nd7+ 55.Kd6 Nf8 56.Ke7 Nh7
57.Ke8 Kf5 58.Kf7 Kxf4 59.g6 Ng5+ 60.Ke7  1-0

[Event "Andorra Open"]
[Site "Arinsal AND"]
[Date "2011.07.16"]
[Round "1.5"]
[White "Peralta,Fe"]
[Black "Georgieva,E"]
[Result "1-0"]
[WhiteElo "2601"]
[BlackElo "1975"]

1.Nf3 d5 2.c4 c6 3.e3 Nf6 4.Nc3 Bg4 5.cxd5 cxd5 6.Qb3 Qb6 7.Nxd5 Qxb3 8.Nxf6+ exf6
9.axb3 Bxf3 10.gxf3 Bb4 11.Bb5+ Kf8 12.Ke2 a5 13.d4 Na6 14.Bd2 Bxd2 15.Kxd2 Nc7
16.Bd3 Ke7 17.Rhc1 Kd6 18.Be4 g6 19.Rc5 f5 20.Rac1 Ne6 21.Rd5+ Ke7 22.Bd3 Rhd8
23.Rb5 Ra7 24.d5 Ng5 25.Ke2 f6 26.Rc7+ Rd7 27.Rxd7+ Kxd7 28.Rb6 Ke7 29.d6+ Kd8
30.Bc4 a4 31.h4 Nh3 32.Kf1 axb3 33.Kg2  1-0

[Event "Andorra Open"]
[Site "Arinsal AND"]
[Date "2011.07.16"]
[Round "1.1"]
[White "Georgiev,Ki"]
[Black "Sanchez Dengra,J"]
[Result "1-0"]
[WhiteElo "2654"]
[BlackElo "1986"]

1.Nf3 d5 2.c4 c6 3.e3 Nf6 4.Nc3 Bf5 5.cxd5 Nxd5 6.Qb3 Nxc3 7.bxc3 Qb6 8.Qa4 e6
9.Nh4 Bg6 10.Be2 Nd7 11.Nxg6 hxg6 12.d4 Bd6 13.h3 Nf6 14.Bd3 Nd5 15.Bd2 Qb2
16.Rb1 Nxc3 17.Qxc6+ bxc6 18.Rxb2 Nd5 19.Ke2 Kd7 20.Rb7+ Bc7 21.e4 Nb6 22.Rc1 Rhc8
23.Bf4 Kd8 24.Bxc7+ Rxc7 25.Rxc7 Kxc7 26.Bb5 Rd8 27.Ke3 g5 28.Rxc6+ Kb7 29.Rc5 f6
30.Be2 Rd6 31.Bb5 Nd7 32.Rc3 Nb6 33.Rc1 a6 34.Be8 Kb8 35.g3 Kb7 36.h4 gxh4
37.gxh4 Rd8 38.Bf7 e5 39.dxe5 fxe5 40.Rc5 Rd7 41.Bd5+ Nxd5+ 42.Rxd5 Re7 43.h5 Kc6
44.f3 Kc7 45.a4 Kc6 46.a5 Re8 47.Kf2 Re7 48.Kg3 Re8 49.Kg4 Re6 50.Kg5 Kc7
51.Rd3 Rf6 52.Rb3 Kc8 53.Rb6 Rxf3 54.Rxa6 Rg3+ 55.Kf5 Rh3 56.Kg4 Re3 57.Rc6+ Kb7
58.Rc4 Ka6 59.Ra4 Re1 60.Kf5 Rh1 61.Kxe5 Rxh5+ 62.Kd6 Rh4 63.Kd5 g5 64.Ra1 g4
65.e5 g3 66.e6 Rh5+ 67.Kd6 Rxa5 68.Re1 Ra2 69.e7  1-0

[Event "III Corporation Cup A"]
[Site "Izhevsk RUS"]
[Date "2011.07.16"]
[Round "2"]
[White "Bezgodova,S"]
[Black "Ziatdinov,R"]
[Result "1-0"]
[WhiteElo "2154"]
[BlackElo "2413"]

1.Nf3 d5 2.c4 d4 3.b4 e6 4.b5 a6 5.Bb2 axb5 6.cxb5 c5 7.Qb3 Nd7 8.e3 e5 9.Bc4 Nh6
10.d3 Be7 11.O-O O-O 12.Nbd2 Kh8 13.Rfe1 f6 14.a4 Nb6 15.Ba3 Nxc4 16.Nxc4 dxe3
17.Nxe3 Nf5 18.Nxf5 Bxf5 19.Re3 Qa5 20.Nh4 Bc8 21.Bb2 Qb6 22.Bc3 Be6 23.Qb2 Rfd8
24.a5 Qd6 25.Rae1 Qd7 26.Kh1 Bd5 27.f4 Qg4 28.Qf2 Rf8 29.h3 Qh5 30.Nf3 Qe8
31.Nxe5 Qxb5 32.Ng6+ hxg6 33.Rxe7 Qxd3 34.Qh4+ Kg8 35.Rxg7+ Kxg7 36.Re7+ Rf7  1-0

[Event "SPA Open A"]
[Site "Amsterdam NED"]
[Date "2011.07.17"]
[Round "9"]
[White "Friedel,J"]
[Black "Visser,HJ"]
[Result "1-0"]
[WhiteElo "2531"]
[BlackElo "2225"]

1.Nf3 d5 2.c4 c6 3.d4 Nf6 4.Nc3 a6 5.g3 e6 6.Bg2 Be7 7.O-O O-O 8.Nd2 b5 9.c5 e5
10.dxe5 Nfd7 11.Nb3 Nxc5 12.Nxc5 Bxc5 13.Bf4 Bb7 14.Rc1 Bb6 15.Bh3 Qe7 16.Qd2 Re8
17.Bf5 a5 18.h4 Na6 19.Qc2 g6 20.Bh3 Bc7 21.a4 b4 22.Bg5 Qf8 23.Nd1 Bxe5
24.Bd7 c5 25.Bxe8 Qxe8 26.Ne3 Qe6 27.Ng2 Re8 28.Bf4 Bg7 29.Rfe1 c4 30.e4 Rc8
31.Ne3 b3 32.exd5 Qxe3 33.Rxe3 bxc2 34.d6 Nc5 35.Rxc2 Bd5 36.Re7 Be6 37.Rc7 c3
38.bxc3 Nxa4 39.Rxc8+ Bxc8 40.c4 Nc5 41.Be3 Nd3 42.Ra2 Kf8 43.Rxa5 Ke8 44.Ra8 Kd7
45.c5 Bb7 46.Ra7 Kc6 47.d7 Bf6 48.Bg5 Nxc5 49.Bxf6 Nxd7 50.Bd4 h5 51.Kf1 Nf8
52.Ke2 Ne6 53.Ke3 Nc7 54.Kf4 Bc8 55.Be5 Nd5+ 56.Ke4 Bf5+ 57.Kd4 Be6 58.Bb8 Nf6
59.Rc7+ Kb6 60.Rc2 Nd7 61.Bd6 Kb5 62.Ke3 Nb6 63.Rc5+ Ka6 64.Kf4 Nc4 65.Be5 Kb6
66.Bd4 Kb7 67.Kg5 Nd6 68.Re5 Bb3 69.Bc5 Nf5 70.Rxf5 gxf5 71.Kxh5 Kc6 72.Kg5 Kxc5
73.h5 f4 74.gxf4 f5 75.h6 Bg8 76.Kg6 Kd5 77.Kg7  1-0

[Event "Andorra Open"]
[Site "Arinsal AND"]
[Date "2011.07.17"]
[Round "2.18"]
[White "Wegerle,J"]
[Black "Jose Queralto,D"]
[Result "1-0"]
[WhiteElo "2446"]
[BlackElo "2111"]

1.Nf3 d5 2.c4 dxc4 3.Na3 Nf6 4.Nxc4 e6 5.g3 c5 6.Bg2 Nc6 7.O-O Be7 8.b3 O-O
9.Bb2 Na5 10.Ne3 b5 11.Rc1 Bb7 12.Qc2 Rc8 13.Ng5 h6 14.Bxb7 Nxb7 15.Nf3 Qb6
16.Ne5 Rfd8 17.Rfd1 Nd7 18.Qe4 Nd6 19.Qf3 Qb7 20.Qxb7 Nxb7 21.Rc2 Nxe5 22.Bxe5 Rc6
23.Rb1 Ra6 24.a4 Rd7 25.axb5 Rb6 26.Ra2 Rxb5 27.Nc4 Nd6 28.Bxd6 Bxd6 29.Kf1 Bb8
30.Ke1 Kf8 31.Kd1 Rdb7 32.Kc2 Bc7 33.Ra6 Ke7 34.d3 Kd7 35.f4 Ke7 36.e4 Kd7
37.f5 Ke7 38.h3 Bb6 39.Rf1 Bc7 40.Rb1 Bb6 41.g4 Bc7 42.h4 Bg3 43.g5 hxg5
44.hxg5 Bc7 45.g6 Bb6 46.gxf7 Rd7 47.fxe6 Rd8 48.Rf1 Rf8 49.Rf5 Kxe6 50.Re5+ Kf6
51.Re8  1-0

[Event "1st Hangzhou WGM"]
[Site "Hangzhou CHN"]
[Date "2011.07.17"]
[Round "4"]
[White "Dzagnidze,N"]
[Black "Zatonskih,A"]
[Result "1-0"]
[WhiteElo "2537"]
[BlackElo "2522"]

1.Nf3 d5 2.c4 e6 3.g3 Nf6 4.d4 dxc4 5.Bg2 Bb4+ 6.Bd2 c5 7.Bxb4 cxb4 8.Ne5 O-O
9.e3 Nc6 10.Nxc4 e5 11.dxe5 Qxd1+ 12.Kxd1 Ng4 13.Ke2 Ngxe5 14.Nbd2 Bg4+ 15.f3 Bf5
16.e4 Bd7 17.Rac1 Rad8 18.Rhd1 f5 19.Nxe5 Nxe5 20.Rc5 Rfe8 21.h3 Bc6 22.f4 Nd3
23.Rxf5 Nxb2 24.Rb1 Na4 25.Rxb4 Nc3+ 26.Ke3 Nd1+ 27.Ke2 Nc3+ 28.Ke3 Nd5+
29.Rxd5 Bxd5 30.a3 Rc8 31.Bf1 Bf7 32.Nc4 Red8 33.e5 a5 34.Nxa5 Rc3+ 35.Kf2 Rc2+
36.Kf3 Rc3+ 37.Kg4 h5+ 38.Kh4 Rxa3 39.Nxb7 Rd1 40.Nd6 g5+ 41.Kxg5 Rxf1 42.Rb8+ Kg7
43.Nf5+ Kh7 44.Rb7 Kg8 45.Nh6+ Kf8 46.Rxf7+ Ke8 47.f5 Rxg3+ 48.Kf6 Ra1 49.e6 Ra6
50.Rh7 Kd8 51.Nf7+ Kc7 52.Rxh5 Raa3 53.Ng5 Rae3 54.Rh8 Rg1 55.h4  1-0

[Event "Nana Aleksandria Cup"]
[Site "Poti GEO"]
[Date "2011.07.17"]
[Round "7"]
[White "Benidze,D"]
[Black "Lomsadze,D"]
[Result "1-0"]
[WhiteElo "2514"]
[BlackElo "2357"]

1.Nf3 d5 2.c4 c6 3.b3 Nf6 4.g3 e6 5.Bg2 Be7 6.O-O O-O 7.d4 Ne4 8.Qc2 f5 9.Rd1 b6
10.Ne5 Bb7 11.f3 Nf6 12.Nc3 Nbd7 13.Nxd7 Nxd7 14.e4 dxe4 15.fxe4 c5 16.d5 exd5
17.Nxd5 Bg5 18.exf5 Kh8 19.Bb2 Rb8 20.h4 Bf6 21.Nxf6 gxf6 22.Rd6 Bxg2 23.Kxg2 Qe7
24.Rad1 Ne5 25.Qe4 Rbe8 26.Re6 Qg7 27.Bxe5 fxe5 28.f6 Qg6 29.Qxg6 hxg6 30.Rxe8 Rxe8
31.Rd7 Rf8 32.f7 a5 33.Kf3 Kg7 34.Ke4  1-0

[Event "2nd SPI Open"]
[Site "Satu Mare ROU"]
[Date "2011.07.19"]
[Round "6"]
[White "Vedmediuc,S"]
[Black "Bonte,An"]
[Result "1-0"]
[WhiteElo "2440"]
[BlackElo "2329"]

1.Nf3 d5 2.c4 d4 3.b4 g6 4.e3 c5 5.exd4 cxd4 6.d3 Bg7 7.g3 a5 8.b5 Nd7 9.Nbd2 Ngf6
10.Ba3 O-O 11.Bg2 Re8 12.O-O e5 13.Re1 Bf8 14.Qc1 Qc7 15.Bxf8 Nxf8 16.c5 Bf5
17.b6 Qb8 18.Nc4 N6d7 19.Nd6 Re6 20.Nxf5 gxf5 21.Qg5+ Ng6 22.Rac1 f4 23.Bh3 Re7
24.Nxd4 exd4 25.Rxe7 Ne5 26.Rxe5 Qxe5 27.Qxe5 Nxe5 28.Bf5 f3 29.Be4 Rb8 30.Rb1 Kg7
31.Rb5 f5 32.Bxf5 Re8 33.h3 Nc6 34.Be4 Rxe4 35.dxe4 Kf6 36.Rb3 Ke5 37.Rxf3 Kxe4
38.Rf7 d3 39.Kf1 Nd4 40.Rf4+ Ke5 41.Rxd4 Kxd4 42.c6 bxc6 43.b7  1-0

[Event "2nd SPI Open"]
[Site "Satu Mare ROU"]
[Date "2011.07.19"]
[Round "7"]
[White "Helmer,J"]
[Black "Dobre,ClC"]
[Result "0-1"]
[WhiteElo "2211"]
[BlackElo "2353"]

1.Nf3 d5 2.c4 c6 3.b3 dxc4 4.bxc4 e5 5.Bb2 e4 6.Nd4 Nf6 7.g3 Na6 8.Bg2 Bd6
9.Nc2 O-O 10.O-O Nc5 11.Ne3 Re8 12.Qc2 Ng4 13.Nc3 Be5 14.Rab1 Nf6 15.Ba3 Bd4
16.Bxc5 Bxc5 17.Nxe4 Nxe4 18.Bxe4 g6 19.Rb3 f5 20.Bf3 f4 21.Ng2 fxg3 22.hxg3 Qf6
23.Qd1 Rf8 24.Ne3 Rf7 25.Qa1 Bd4 26.Qb1 b6 27.Qe4 Bb7 28.Rd3 c5 29.Nd5 Bxd5
30.Qxd5 Rf8 31.Kg2 Kg7 32.Rh1 Rd8 33.Qe4 Rdf8 34.Rh4 Re7 35.Qf4 g5 36.Qxf6+ Rxf6
37.Rhxd4 cxd4 38.Rxd4 Rf5 39.e3 Ra5 40.Rd5 Rxa2 41.Rxg5+ Kf6 42.Rd5 Rc7 43.Be2 Rb2
44.f4 a5 45.Kf3 a4 46.Rd6+ Ke7 47.Rh6 Kf8 48.d4 a3 49.Rh1 a2 50.Ra1 Ra7 51.Bd3 Rb3
52.Be4 Raa3 53.f5 Rxe3+ 54.Kf4 Rxg3 55.c5 bxc5 56.dxc5 Rgc3 57.c6 Ra4 58.Ke5 Re3
59.c7 Rexe4+ 60.Kf6 Ra6+  0-1

[Event "Biel MTO Open"]
[Site "Biel SUI"]
[Date "2011.07.20"]
[Round "3"]
[White "Bogner,S"]
[Black "Liu Dede"]
[Result "1/2-1/2"]
[WhiteElo "2528"]
[BlackElo "2386"]

1.Nf3 d5 2.c4 c6 3.e3 Nf6 4.Nc3 g6 5.d4 Bg7 6.Be2 O-O 7.O-O Bg4 8.cxd5 cxd5
9.Qb3 b6 10.h3 Bxf3 11.Bxf3 e6 12.Bd2 Nc6 13.Qa4 Na5 14.Be2 a6 15.b3 b5 16.Qa3 Nc6
17.Qc1 Qd6 18.Rd1 Rfc8 19.Qb2 e5 20.dxe5 Qxe5 21.Rac1 Ne4 22.Qb1 Nxd2 23.Rxd2 d4
24.Nd1 Bh6 25.Rdc2 Ne7 26.Qb2 Rxc2 27.Rxc2 Rd8 28.Bd3 Qd6 29.Qxd4 Qxd4 30.exd4 Rxd4
31.Nb2 Nd5 32.a3 Bf8 33.b4 Bh6 34.g3 Nb6 35.Bf1 Rd6 36.Rc7 Bg5 37.Nd3 Nc4
38.a4 Nd2 39.axb5 axb5 40.Ne5 Nxf1 41.Nxf7 Rd1 42.Nxg5 h6 43.Ne6 Nxg3+ 44.Kg2 Nf5
45.Rb7 g5 46.Kf3 Re1 47.Kg4 Nd6 48.Rg7+ Kh8 49.Re7 Kg8 50.Rg7+ Kh8 51.Rg6 Re4+
52.Kf3 Rh4 53.Nxg5 Nf5 54.Ne4 Nd4+ 55.Ke3 Nc2+ 56.Kd3 Nxb4+ 57.Kd4 Kh7 58.Rb6 Rxh3
59.Rxb5 Nc2+ 60.Kc5 Rh5+ 61.Kb6 Rxb5+ 62.Kxb5 Kg6 63.Kc4  1/2-1/2

[Event "2nd SPI Open"]
[Site "Satu Mare ROU"]
[Date "2011.07.20"]
[Round "8"]
[White "Vedmediuc,S"]
[Black "Manole,S"]
[Result "1/2-1/2"]
[WhiteElo "2440"]
[BlackElo "1981"]

1.Nf3 d5 2.c4 c6 3.b3 Nf6 4.Bb2 Bg4 5.d3 Nbd7 6.Nbd2 e6 7.g3 Bd6 8.Bg2 O-O
9.O-O Qe7 10.a3 e5 11.h3 Bh5 12.Nh4 Bg6 13.Nxg6 hxg6 14.Qc2 Rae8 15.e4 d4
16.Nf3 Nh5 17.Qe2 a5 18.Bc1 Nc5 19.Rb1 Ne6 20.Ra1 Nc5 21.Qd1 b5 22.b4 Na4
23.c5 Bc7 24.Bd2 Ra8 25.Qb3 Ra7 26.h4 Rfa8 27.Bh3 Bd8 28.Ng5 Qe8 29.Qc2 Nc3
30.Bxc3 dxc3 31.Qxc3 Bxg5 32.hxg5 Qe7 33.d4 Qxg5 34.dxe5 Nf4 35.Kh2 Nxh3
36.Kxh3 Re8 37.Rad1  1/2-1/2

[Event "16th Balaguer Open"]
[Site "Balaguer ESP"]
[Date "2011.07.21"]
[Round "5"]
[White "Roeder,M"]
[Black "Rodrigo Yanguas,M"]
[Result "1-0"]
[WhiteElo "2420"]
[BlackElo "2102"]

1.Nf3 d5 2.c4 d4 3.g3 Nc6 4.Bg2 e5 5.O-O Nf6 6.d3 Bd6 7.Na3 O-O 8.Nc2 Re8
9.a3 a5 10.e3 dxe3 11.Bxe3 h6 12.h3 Bf5 13.d4 a4 14.Rc1 Qc8 15.c5 Bf8 16.dxe5 Nxe5
17.Nxe5 Rxe5 18.Bd4 Re6 19.Ne3 Be4 20.Re1 Bxg2 21.Kxg2 Ne4 22.f3 Nf6 23.Bxf6 Rxf6
24.Nd5 Re6 25.Rxe6 fxe6 26.Nf4 Qe8 27.Qe2 Ra6 28.h4 Qc6 29.Nd3 Qb5 30.Qe4 Rc6
31.Rc4 Bxc5 32.Rxc5 Rxc5 33.Qxe6+ Kh7 34.Qe4+ Kh8 35.Nxc5 Qxc5 36.Qxb7 Qc2+
37.Kh3 c6 38.Qb8+ Kh7 39.Qe5 g6 40.h5 gxh5 41.Qe4+ Qxe4 42.fxe4 Kg6 43.Kh4 c5
44.e5 Kf5 45.Kxh5 Kxe5 46.Kxh6 Kd4 47.g4 Kc4 48.g5 Kb3 49.g6 Kxb2 50.g7 c4
51.g8=Q c3 52.Qg7 Kc2 53.Qd4  1-0

[Event "Biel MTO Open"]
[Site "Biel SUI"]
[Date "2011.07.21"]
[Round "5"]
[White "Ni Hua"]
[Black "Edouard,R"]
[Result "1/2-1/2"]
[WhiteElo "2662"]
[BlackElo "2587"]

1.Nf3 d5 2.c4 d4 3.g3 Nc6 4.Bg2 e5 5.d3 Nf6 6.O-O Bd6 7.Bg5 h6 8.Bxf6 Qxf6
9.Nbd2 O-O 10.Ne4 Qd8 11.Nxd6 Qxd6 12.Qa4 Bd7 13.Qa3 Qxa3 14.bxa3 Rfe8 15.Nd2 Na5
16.Rab1 Rab8 17.Rfc1 c5 18.Ne4 b6 19.Nd6 Re7  1/2-1/2

[Event "Czech Open G Rapid"]
[Site "Pardubice CZE"]
[Date "2011.07.21"]
[Round "7.3"]
[White "Dzhakaev,D"]
[Black "Navara,D"]
[Result "0-1"]
[WhiteElo "2478"]
[BlackElo "2722"]

1.Nf3 d5 2.c4 d4 3.e3 Nc6 4.Nxd4 Nxd4 5.exd4 Qxd4 6.Nc3 c6 7.d3 Nh6 8.Be3 Qd8
9.d4 Nf5 10.Qd2 g6 11.O-O-O Bg7 12.Be2 O-O 13.h4 c5 14.dxc5 Qa5 15.h5 Be6
16.hxg6 hxg6 17.Bf3 Bxc4 18.Bd5 Rfd8 19.Qc2 Nxe3 20.fxe3 Qxc5 21.Bxc4 Qxc4
22.Nd5 Qxa2 23.Nxe7+ Kf8 24.Rxd8+ Rxd8  0-1

[Event "2nd Vaujany Open A"]
[Site "Vaujany FRA"]
[Date "2011.07.21"]
[Round "8.9"]
[White "Kukov,V"]
[Black "Kovacs,Laj2"]
[Result "0-1"]
[WhiteElo "2377"]
[BlackElo "2225"]

1.Nf3 d5 2.c4 e6 3.d4 c6 4.cxd5 exd5 5.Qc2 Nf6 6.Nc3 Be7 7.Bg5 O-O 8.e3 h6
9.Bh4 Ne4 10.Nxe4 Bxh4 11.Nc3 Be7 12.Bd3 Nd7 13.O-O Nf6 14.Rab1 a5 15.a3 Bd6
16.b4 Qe7 17.Qb3 Kh8 18.Na4 Ne4 19.Nb6 Bg4 20.Bxe4 dxe4 21.Ne5 Bxe5 22.dxe5 Rad8
23.bxa5 Qg5 24.Kh1 Be2 25.Rfe1 Bd3 26.Rbc1 Qxe5 27.Qb4 Qd6 28.Na4 Qc7 29.Rc5 Rfe8
30.Rec1 Re6 31.Nc3 Qd7 32.Rd1 Rd6 33.h3 Qe7 34.Kg1 R8d7 35.Na4 Rg6 36.Rh5 Qf6
37.Nc5  0-1

[Event "2nd Vaujany Open A"]
[Site "Vaujany FRA"]
[Date "2011.07.21"]
[Round "8.7"]
[White "Olarasu,G"]
[Black "Roos,Dan"]
[Result "0-1"]
[WhiteElo "2287"]
[BlackElo "2382"]

1.Nf3 d5 2.c4 e6 3.g3 c6 4.b3 Nf6 5.Bg2 Nbd7 6.d4 Bb4+ 7.Bd2 Be7 8.O-O O-O
9.Qc2 b6 10.Rc1 Bb7 11.a4 a5 12.Na3 Bd6 13.Qb2 Ne4 14.Be3 Qe7 15.Ne1 f5 16.Nd3 Rac8
17.Bf4 Bxf4 18.Nxf4 g5 19.Nd3 f4 20.Nb1 Qg7 21.Rc2 Nd6 22.Nd2 Nf5 23.Nf3 fxg3
24.hxg3 h6 25.c5 Ba6 26.cxb6 Bxd3 27.exd3 Nxb6 28.Ne5 Nd7 29.Rxc6 Nxd4 30.Rxc8 Rxc8
31.Qxd4 Nxe5 32.Kf1 Nxd3 33.Qxg7+ Kxg7 34.Rd1 Rc3 35.Ke2 Nc5 36.Kd2 Rd3+
37.Kc2 Rxd1 38.Kxd1 Nxb3 39.Bf1 Kf6 40.Kc2 Nc5 41.Bb5 Ne4  0-1

[Event "Najdorf Memorial"]
[Site "Warsaw POL"]
[Date "2011.07.21"]
[Round "7"]
[White "Kempinski,R"]
[Black "Markowski,T"]
[Result "1/2-1/2"]
[WhiteElo "2600"]
[BlackElo "2611"]

1.Nf3 d5 2.c4 c6 3.d4 Nf6 4.Nc3 a6 5.a4 e6 6.e3 c5 7.cxd5 exd5 8.Ne5 Nc6
9.Be2 Be6 10.O-O Rc8 11.Nxc6 Rxc6 12.Bf3  1/2-1/2

[Event "XXIX Andorra Open"]
[Site "Arinsal AND"]
[Date "2011.07.22"]
[Round "7.10"]
[White "Sochacki,C"]
[Black "Kogan,Ar"]
[Result "0-1"]
[WhiteElo "2358"]
[BlackElo "2548"]

1.Nf3 d5 2.c4 d4 3.b4 Bg4 4.e3 e5 5.h3 Bxf3 6.Qxf3 Nc6 7.b5 Nb4 8.Kd1 Nf6
9.a3 e4 10.Qf5 Bd6 11.exd4 h6 12.h4 Nd3 13.Bxd3 exd3 14.Qxd3 O-O 15.Qf3 a6
16.g4 axb5 17.g5 Nh7 18.gxh6 bxc4 19.hxg7 Re8 20.Nc3 Qd7 21.Bb2 Ra6 22.Kc2 b5
23.Ne4 Be7 24.h5 Re6 25.Qg4 c5 26.Ng3 Nf6 27.Qh4 Rd6 28.Qg5 Rd5 29.Qf4 cxd4
30.Rae1 b4 31.Re5 c3 32.dxc3 dxc3 33.Rxd5 Qxd5 34.Nf5 b3+  0-1

[Event "Open NK"]
[Site "Dieren NED"]
[Date "2011.07.22"]
[Round "4"]
[White "Ikeda, Junta"]
[Black "Neverov, Valeriy"]
[Result "0-1"]
[WhiteElo "2349"]
[BlackElo "2500"]

1.Nf3 d5 2.c4 e6 3.g3 Nf6 4.Bg2 Be7 5.O-O O-O 6.b3 b6 7.Bb2 Bb7 8.d3 c5 9.Nbd2 Nc6
10.Rc1 Rc8 11.a3 Rc7 12.e3 Qa8 13.cxd5 Nxd5 14.Qc2 Rd8 15.Qb1 Rcd7 16.Rfd1 Bf6
17.Ne4 Bxb2 18.Qxb2 Nde7 19.Ne1 a5 20.f4 Nf5 21.Qf2 Nce7 22.g4 Nd6 23.Nc3 Bxg2
24.Nxg2 Nd5 25.Na4 Qb7 26.Qb2 Nf6 27.g5 Nd5 28.Rf1 Qa6 29.Rcd1 Ne7 30.Rf3 Qa7
31.Qc1 Ndf5 32.Nb2 Qb7 33.Rh3 Ng6 34.Qc2 e5 35.fxe5 Nxe5 36.Qe2 g6 37.Nf4 b5
38.Rf1 Re7 39.Nh5 Nd7 40.e4 Nd4 41.Qg4 gxh5 42.Qxh5 Nf8 43.Nd1 Qc6 44.Rf6 Rd6
45.e5 Rde6 46.Ne3 Qb7 47.Rxe6 fxe6 48.Ng4 Rg7 49.Kf2 Qf7+ 50.Nf6+ Kh8 51.Qg4 Qg6
52.Rg3 Qf5+ 53.Qxf5 Nxf5 54.Rg1 Ng6 55.b4 Nxe5 56.bxc5 Nxd3+ 57.Kf3 Rc7 58.g6 Ne5+
59.Ke4 Nxg6 60.Rd1 Rxc5 61.Rd7 Nfe7  0-1

[Event "15th Battle of Senta Open"]
[Site "Senta SRB"]
[Date "2011.07.22"]
[Round "8.18"]
[White "Simonyi,Z"]
[Black "Neaga,H"]
[Result "1-0"]
[WhiteElo "2227"]
[BlackElo "1794"]

1.Nf3 d5 2.c4 e6 3.d4 Nf6 4.Nc3 Nbd7 5.cxd5 exd5 6.Bf4 c6 7.h3 Bb4 8.e3 Qa5
9.Qb3 Ne4 10.Rc1 O-O 11.Bd3 Ndf6 12.O-O Bxc3 13.bxc3 c5 14.Bb1 c4 15.Qb2 b5
16.Ne5 Qb6 17.Rfe1 a5 18.f3 Nd6 19.Ng4 Nxg4 20.hxg4 b4 21.Kf2 f5 22.Rh1 g6
23.gxf5 Bxf5 24.Be5 Rab8 25.Bxf5 Rxf5 26.Ke2 Nb5 27.Bxb8 bxc3 28.Qb1 Qxb8
29.Rh4 Qe8 30.a4 Qe7 31.Rg4 h5 32.Rxg6+ Kh7 33.axb5 Kxg6 34.g4 hxg4 35.fxg4 Qa3
36.gxf5+ Kf6 37.b6 Qd6 38.Rxc3 Qh2+ 39.Kd1 Qg1+ 40.Kc2 Qf2+ 41.Kc1 Qe1+ 42.Kb2 Qd2+
43.Qc2  1-0

[Event "III Corporation Cup A"]
[Site "Izhevsk RUS"]
[Date "2011.07.23"]
[Round "8"]
[White "Terentjev,V"]
[Black "Gankin,S"]
[Result "1-0"]
[WhiteElo "2388"]
[BlackElo "2272"]

1.Nf3 d5 2.c4 d4 3.e3 Nc6 4.exd4 Nxd4 5.Nxd4 Qxd4 6.Nc3 Nf6 7.d3 e6 8.Be3 Qd7
9.Be2 Be7 10.d4 O-O 11.O-O b6 12.Bf3 Rb8 13.Re1 Bb7 14.Bxb7 Rxb7 15.Qf3 c6
16.Rad1 Rd8 17.g4 Qc8 18.g5 Ne8 19.Bf4 Rbd7 20.d5 cxd5 21.cxd5 Nc7 22.Bxc7 Qxc7
23.dxe6 fxe6 24.Qg4 Rxd1 25.Qxe6+ Kf8 26.Qf5+ Kg8 27.Nxd1 Qd7 28.Qf4 Bd6
29.Qc4+ Kf8 30.Ne3 Qe7 31.Qg4 Qe5 32.Qh4 Be7 33.Qxh7 Qxg5+ 34.Kh1 Bf6 35.Rg1 Qe5
36.Qh8+ Ke7 37.Qh3 Qe4+ 38.Ng2 Qd5 39.Qa3+ Kf7 40.Qxa7+ Rd7 41.Qa3 Rc7 42.Re1 Rc2
43.Qe3 Kg8 44.f3 g5 45.h4 Kg7 46.Rg1 Kf8 47.Ne1 Qd7 48.Rg4 Qd1 49.Re4 Rc5
50.Re8+ Kg7 51.Qe6 Qd4 52.Kg2 Qxb2+ 53.Kf1 Qb5+ 54.Kg1 Rc7 55.h5 Qb1 56.h6+ Kg6
57.Rg8+ Kh7 58.Rf8 Bd4+ 59.Kg2 Qg6 60.Qd5 Bc5 61.Rf5 Qxh6 62.Nd3 Rg7 63.Qe4 Kh8
64.Nxc5 bxc5 65.Rf8+ Rg8 66.Qe5+ Kh7 67.Rf7+ Rg7 68.Qxg7+ Qxg7 69.Rxg7+ Kxg7
70.a4 Kf6 71.a5 c4 72.Kf2 Ke5 73.a6 Kd5 74.a7 c3 75.a8=Q+  1-0

[Event "Czech GM Open A"]
[Site "Pardubice CZE"]
[Date "2011.07.23"]
[Round "2.84"]
[White "Stocek,J"]
[Black "Mirzoeva,E"]
[Result "1-0"]
[WhiteElo "2596"]
[BlackElo "2234"]

1.Nf3 d5 2.c4 c6 3.g3 Nf6 4.Bg2 Bf5 5.cxd5 cxd5 6.Qb3 Qc8 7.Nc3 e6 8.d3 Nc6
9.O-O Be7 10.Bf4 O-O 11.Rac1 Qd7 12.h3 h6 13.e4 Bh7 14.Ne5 Nxe5 15.Bxe5 dxe4
16.dxe4 Rac8 17.Rfd1 Qc6 18.Nd5 Qxc1 19.Nxe7+ Kh8 20.Rxc1 Rxc1+ 21.Kh2 b6
22.Qe3 Rc5 23.Bxf6 gxf6 24.Qxh6  1-0

[Event "20th ch-MKD Open"]
[Site "Struga MKD"]
[Date "2011.07.23"]
[Round "8"]
[White "Zhezhov,E"]
[Black "Lazov,Toni"]
[Result "1/2-1/2"]
[WhiteElo "1793"]
[BlackElo "1709"]

1.Nf3 d5 2.c4 Nf6 3.cxd5 Nxd5 4.b3 g6 5.Bb2 f6 6.a3 Bg7 7.e3 O-O 8.Qc2 Nb6
9.d3 e5 10.Be2 Nc6 11.Nbd2 Be6 12.O-O Qe7 13.Rac1 Rac8 14.b4 a6 15.Ne4 Nd7
16.Nc5 Nxc5 17.Qxc5 Rfd8 18.Nd2 Qxc5 19.Rxc5 Bf8 20.Rc2 Ne7 21.Rfc1 c6 22.Ne4 Nd5
23.Nc5 Bxc5 24.Rxc5 Nb6 25.R5c2 Kf7 26.d4 e4 27.f3 Bd5 28.f4 f5 29.Kf2 Bb3
30.Rd2 Ba4 31.h3 Bb5 32.g4 Bxe2 33.Kxe2 Nd5 34.Rdc2 Ke6 35.Bc3 h5 36.g5 b5
37.Bd2 Rd6 38.a4 Nb6 39.axb5 axb5 40.Rc5 Nd7 41.Rxb5 cxb5 42.Rxc8 Ra6 43.h4 Ke7
44.Rg8  1/2-1/2

[Event "XIII Gdansk Open"]
[Site "Gdansk POL"]
[Date "2011.07.24"]
[Round "9.11"]
[White "Plewa,P"]
[Black "Baran,D"]
[Result "1/2-1/2"]
[WhiteElo "1864"]
[BlackElo "1679"]

1.Nf3 d5 2.c4 e6 3.b3 Nf6 4.Bb2 c5 5.e3 Bd7 6.Be2 Bc6 7.O-O Nbd7 8.Nc3 Bd6
9.cxd5 exd5 10.d4 a6 11.Rc1 O-O 12.Qc2 Rc8 13.Rfd1 Re8 14.Qf5 Nf8 15.dxc5 Bxc5
16.Nxd5 Bxd5 17.Bxf6 Qxf6 18.Qxf6 gxf6 19.Rxd5 Ba3 20.Rxc8 Rxc8 21.g3 Bb4
22.Nd4 Rc1+ 23.Kg2 Ra1 24.Bxa6 bxa6 25.Nc2 Rxa2 26.Nxb4 Ra3 27.Rd3 Ne6 28.Rc3 Kg7
29.h4 a5 30.Nc2 Ra2 31.Rc4 Rb2 32.Rc3 Ra2 33.Kf3 Rb2 34.Ke4 Kg6 35.f3 Rb1
36.Nd4 h5 37.Kd5 Rg1 38.Rc8 Ng7 39.Ne2 Rd1+ 40.Kc4 Rf1 41.Nf4+ Kh7 42.Rc5 Rxf3
43.Nxh5 Ne6 44.Rxa5 Rxe3 45.Nxf6+ Kg6 46.Nd5 Rxg3  1/2-1/2

[Event "ch-AUT"]
[Site "Linz AUT"]
[Date "2011.07.24"]
[Round "2"]
[White "Froewis,G"]
[Black "Kessler,L"]
[Result "1-0"]
[WhiteElo "2329"]
[BlackElo "2188"]

1.Nf3 d5 2.c4 e6 3.e3 Nf6 4.Nc3 Nbd7 5.b3 Be7 6.Bb2 O-O 7.Qc2 c5 8.d4 b6
9.cxd5 exd5 10.Bd3 Bb7 11.O-O Rc8 12.Rad1 Qc7 13.Qb1 a6 14.Ne5 Bd6 15.f4 h6
16.Rf3 b5 17.Nxd7 Nxd7 18.dxc5 Bxc5 19.Rg3 f6 20.Bf5 Rce8 21.Qd3 Nb6 22.Ne2 Qe7
23.Nd4 Bxd4 24.Bxd4 Nd7 25.Qe2  1-0

[Event "2nd ch-Vojvodina"]
[Site "Novi Sad SRB"]
[Date "2011.07.24"]
[Round "2.1"]
[White "Bogosavljevic,B"]
[Black "Brujic,B"]
[Result "1-0"]
[WhiteElo "2548"]
[BlackElo "2188"]

1.Nf3 d5 2.c4 c6 3.g3 g6 4.Bg2 Bg7 5.d4 Nh6 6.O-O O-O 7.Nc3 Nf5 8.e3 Na6
9.Qe2 Nc7 10.Rd1 Nd6 11.cxd5 cxd5 12.Ne5 e6 13.a4 b6 14.b3 Ba6 15.Qe1 Bb7
16.Ba3 Re8 17.Rac1 f6 18.Nd3 Bf8 19.h4 a5 20.Nf4 Rc8 21.Bh3 f5 22.Nd3 Na6
23.Bf1 Qf6 24.Ne5 Qg7 25.Nb5 Ne4 26.Bxf8 Rxf8 27.f3 Nf6 28.Rxc8 Bxc8 29.Rc1 Bb7
30.Rc3 Ne8 31.Nd3 g5 32.hxg5 Qxg5 33.Nf4 Rf6 34.Qf2 Rh6 35.Rc1 Qe7 36.Bg2 Nd6
37.Nxd6 Qxd6 38.g4 Qe7 39.Qg3 Qg5 40.Kf2 fxg4 41.Qxg4 Qxg4 42.fxg4 Rf6 43.g5 Rf5
44.Bh3 Rxg5 45.Nxe6 Rg6 46.Nf4 Rd6 47.Be6+ Kg7 48.Rg1+ Kf6 49.Rh1 Kg7 50.Bf5 h6
51.Rg1+ Kf7 52.Nh5 Bc6 53.Rg7+ Kf8 54.Ra7 Nb8 55.Kg3 Be8 56.Ng7 Nd7 57.Ne6+ Ke7
58.Nc7 Kd8 59.Ne6+ Ke7 60.Nc7 Kd8 61.Kf4 h5 62.Kg5 Nf8 63.Ra8+ Kxc7 64.Rxe8 Rd8
65.Rxd8 Kxd8 66.Kxh5 Ke7 67.Kg5 Kf7 68.Kf4 Kf6 69.e4 dxe4 70.Kxe4 Kg5 71.Ke5  1-0

[Event "19th St Affrique Open"]
[Site "Saint Affrique FRA"]
[Date "2011.07.24"]
[Round "2.8"]
[White "Milchev,N"]
[Black "Saez,N"]
[Result "1-0"]
[WhiteElo "2389"]
[BlackElo "1967"]

1.c4 d5 2.Nf3 dxc4 3.Na3 c5 4.Nxc4 Nc6 5.g3 Nf6 6.Bg2 e6 7.O-O Be7 8.b3 Qc7
9.Bb2 b5 10.Ne3 Bb7 11.Rc1 Rd8 12.Qc2 Nb4 13.Qb1 Be4 14.d3 Nxd3 15.exd3 Bxd3
16.Qa1 Bxf1 17.Bxf1 a6 18.a4 Qb6 19.Ne5 h5 20.Bg2 Nd5 21.a5 Qc7 22.Nxd5 exd5
23.Nd3 d4 24.Bxd4 Rxd4 25.Qxd4 O-O 26.Nxc5 Qxa5 27.b4 Qc7 28.Qd1 Bg5 29.f4 Bf6
30.Nd7  1-0

[Event "Sparkassen Open A"]
[Site "Dortmund GER"]
[Date "2011.07.25"]
[Round "3.43"]
[White "Simon,Th"]
[Black "Baerwolf,S"]
[Result "1-0"]
[WhiteElo "1963"]
[BlackElo "1818"]

1.Nf3 d5 2.c4 c6 3.g3 Nf6 4.Bg2 Nbd7 5.d4 e6 6.Qc2 Bd6 7.O-O O-O 8.Nc3 Re8
9.Rd1 b6 10.e4 dxe4 11.Nxe4 Nxe4 12.Qxe4 Bb7 13.Qc2 Qc7 14.Ng5 Nf6 15.c5 bxc5
16.dxc5 Bf8 17.b4 g6 18.Bb2 Bg7 19.Qc3 e5 20.Rd6 h6 21.Ne4 Nd5 22.Qb3 Rad8
23.Rxd8 Rxd8 24.Nd6 Rxd6 25.cxd6 Qxd6 26.Rd1 Qc7 27.b5 Ne7 28.bxc6 Nxc6 29.Rc1 Qd7
30.Qb5 e4 31.Bxg7 Kxg7 32.Bxe4 Qd2 33.Rb1  1-0